|
|
|
|
| LEADER |
00948nam a2200229 a 4500 |
| 001 |
2119524 |
| 008 |
090803r20021994 enka b 001 0 eng d |
| 010 |
|
|
|a 96215749
|
| 020 |
|
|
|a 0349106711
|
| 020 |
|
|
|a 0718133072
|
| 040 |
|
|
|a DLC
|c DLC
|d DLC
|
| 082 |
0 |
0 |
|a 909.82
|2 21
|
| 100 |
1 |
|
|a Hobsbawm, E. J.
|q (Eric J.),
|d 1917-
|
| 245 |
1 |
0 |
|a Age of extremes :
|b the short twentieth century, 1914-1991 /
|c Eric Hobsbawm.
|
| 260 |
|
|
|a London :
|b Michael Joseph ;
|a New York :
|b Viking Penguin, ;
|b Abacus,
|c 1994. [Reprinted 2002]
|
| 300 |
|
|
|a xii, 627 p. :
|b ill. ;
|c 25 cm.
|
| 504 |
|
|
|a Includes bibliographical references (p. [587]-609) and index.
|
| 541 |
1 |
|
|e 00016595
|
| 650 |
|
0 |
|a History, Modern
|y 20th century.
|
| 852 |
4 |
|
|a Ayesha Abed Library
|j General shelf
|
| 999 |
|
|
|c 3040
|d 3040
|
| 952 |
|
|
|0 0
|1 0
|2 ddc
|4 0
|6 909_820000000000000_HOB
|7 0
|9 2754
|a BRACUL
|b BRACUL
|c GEN
|d 2009-08-27
|g 1272.00
|l 8
|m 45
|o 909.82 HOB
|p 3010016595
|r 2024-11-17
|s 2024-11-04
|t 1
|w 2009-08-27
|y BK
|